000 00343 a2200169 4500
001 185659
020 _a
040 _cMagnum
100 _aAlencar, José de
240 1 0 _aA pata da gazela
_lpor
245 1 0 _aA pata da gazela
300 _a
362 0 _a1964
440 1 _aMelhoramentos
697 _aLITERATURA GERAL
942 _cBK
999 _c185659
_d185659